00609nam a2200157 a 450000100100000000500170001000800410002702000180006804000250008608200140011111000270012524501500015226000870030230000280038970000340041700004845120201002061149.0190321s2018 dr a r 000 spa d a9789945912012 aDO-SdBNPbspacBNPHU axxxbR4261 aRepública Dominicana10aPrimer congreso internacional sobre turismo responsable y sustentable :bponencias, conclusiones y recomendaciones /cPrólogo Altracia Paulino. aSanto Domingo :bObservatorio Nacional Para la Protección del Consumidor,c2018. a292 p. :bil. ;c23 cm.1 aAltagracia PaulinoePrólogo